नेपाल की लोक कथाएं / (Record no. 117099)
[ view plain ]
| 000 -LEADER | |
|---|---|
| fixed length control field | 01324nam a22002897a 4500 |
| 003 - CONTROL NUMBER IDENTIFIER | |
| control field | dpl |
| 005 - DATE AND TIME OF LATEST TRANSACTION | |
| control field | 20180905121509.0 |
| 008 - FIXED-LENGTH DATA ELEMENTS--GENERAL INFORMATION | |
| fixed length control field | 180905b xxu||||| |||| 00| 0 eng d |
| 010 ## - LIBRARY OF CONGRESS CONTROL NUMBER | |
| LC control number | B-093051 |
| 020 ## - INTERNATIONAL STANDARD BOOK NUMBER | |
| Terms of availability | 150.00 |
| International Standard Book Number | 8188548170 |
| 035 ## - SYSTEM CONTROL NUMBER | |
| System control number | B-093051, B-093066 |
| 037 ## - SOURCE OF ACQUISITION | |
| Source of stock number/acquisition | Cen Lib/Ret |
| 040 ## - CATALOGING SOURCE | |
| Original cataloging agency | DPL |
| Language of cataloging | HN |
| Transcribing agency | 0 |
| 082 ## - DEWEY DECIMAL CLASSIFICATION NUMBER | |
| Classification number | क |
| Item number | नेपाल |
| 245 ## - TITLE STATEMENT | |
| Title | नेपाल की लोक कथाएं / |
| Statement of responsibility, etc | संपादक रिध्दी पराशर ;चित्रांकन बाल् कृषण भारती |
| 246 ## - VARYING FORM OF TITLE | |
| Title proper/short title | Nepal ki lok kathayen |
| Remainder of title | sampadak Riddhi Parashar ;chitrankan Balkrishan Bharti |
| 260 ## - PUBLICATION, DISTRIBUTION, ETC. (IMPRINT) | |
| Place of publication, distribution, etc | दिल्ली |
| Name of publisher, distributor, etc | सिल्वर बैल |
| Date of publication, distribution, etc | 2004 |
| 270 ## - ADDRESS | |
| Address | एम्.-72, पंचशील गार्डन नवीन शाहदरा |
| City | दिल्ली |
| Postal code | 110032 |
| 300 ## - PHYSICAL DESCRIPTION | |
| Extent | 128पृष्ठ. : |
| Dimensions | 20सेमी(सजिल्द) |
| Other physical details | चित्र. |
| 650 ## - SUBJECT ADDED ENTRY--TOPICAL TERM | |
| Topical term or geographic name as entry element | हिंदी साहित्य |
| 9 (RLIN) | 70077 |
| 650 ## - SUBJECT ADDED ENTRY--TOPICAL TERM | |
| Topical term or geographic name as entry element | हिंदी कहानी - नेपाल |
| 9 (RLIN) | 5559 |
| 650 ## - SUBJECT ADDED ENTRY--TOPICAL TERM | |
| Topical term or geographic name as entry element | Hindi literature |
| 9 (RLIN) | 70078 |
| 650 ## - SUBJECT ADDED ENTRY--TOPICAL TERM | |
| Topical term or geographic name as entry element | Hindi story Nepal |
| 9 (RLIN) | 70079 |
| 700 ## - ADDED ENTRY--PERSONAL NAME | |
| Personal name | पराशर, रिद्धी |
| 9 (RLIN) | 70080 |
| 700 ## - ADDED ENTRY--PERSONAL NAME | |
| Personal name | भारती, बालकृषण |
| 9 (RLIN) | 70081 |
| 942 ## - ADDED ENTRY ELEMENTS (KOHA) | |
| Source of classification or shelving scheme | Dewey Decimal Classification |
| Koha item type | Hindi Books |
| Classification part | क |
| Call number suffix | नेपाल |
| Withdrawn status | Lost status | Damaged status | Not for loan | Home library | Current library | Date acquired | Source of acquisition | Cost, normal purchase price | Total Checkouts | Full call number | Barcode | Date last seen | Date checked out | Copy number | Cost, replacement price | Price effective from | Koha item type | Source of classification or shelving scheme | Collection code |
|---|---|---|---|---|---|---|---|---|---|---|---|---|---|---|---|---|---|---|---|
| Central Library | Central Library | 26/08/2015 | Cen Lib /Ret | 150.00 | 3 | क नेपाल | B-093051 | 03/03/2019 | 24/02/2019 | 1 | 150.00 | 26/08/2015 | Hindi Books | ||||||
| Shahdara Branch | Shahdara Branch | 05/09/2018 | BPPD/PUB | 150.00 | 2 | क नेपाल | B-093066 | 18/11/2018 | 09/11/2018 | 150.00 | 05/09/2018 | Hindi Books | Dewey Decimal Classification | Fiction |
